Pilotes qui ont remporté le plus de victoires en Formule 1 - Statistiques

Statistiques générales
  • Ce quiz a été pris 3 516 fois
  • Le résultat moyen est 11 sur 15
Statistiques - réponses
Nationalité Victoires en GP Pilote % Correct
Britannique 55 Lewis Hamilton
100%
Allemand 91 Michael Schumacher
98%
Français 51 Alain Prost
97%
Brésilien 41 Ayrton Senna
96%
Espagnol 32 Fernando Alonso
95%
Allemand 45 Sebastian Vettel
94%
Autrichien 25 Niki Lauda
79%
Argentin 24 Juan Manuel Fangio
75%
Finlandais 20 Mika Häkkinen
70%
Allemand 23 Nico Rosberg
68%
Britannique 22 Damon Hill
59%
Brésilien 23 Nelson Piquet
58%
Britannique 31 Nigel Mansell
48%
Britannique 27 Jackie Stewart
47%
Britannique 25 Jim Clark
38%
Aucun quiz correspondant
Distribution des résultats
% des personnes avec chaque résultat
Percentile par nombre de réponses
Votre historique - résultats
Vous n’avez pas pris ce quiz